000
00315nam a2200133Ia 4500
008
231129s1976||||xx |||||||||||||| ||spa||
040
_b
spa
082
_a
818 A432s
100
_a
Allen Woody
245
0
_a
Sin plumas
260
_c
1976
264
_a
Bogotá Colombia : Círculo de Lectores
942
_2
ddc
_c
BKS
999
_c
24644
_d
24644